Santa Fe 2917, Rosario, Santa Fe
Lu-Vi 8 a 19.45
+54-341-4232362
bibliotecaeudoro@gmail.com
Facebook Biblioteca Pedagógica
Sitio web

¿Querés saber qué son los crustáceos? / (Registro nro. 32830)

Detalles MARC
000 -CABECERA
campo fijo de control de longitud 00963nam a2200289 4500
001 - NÚMERO DE CONTROL
campo de control 32830
003 - IDENTIFICADOR DEL NÚMERO DE CONTROL
campo de control AR-RoBPED
005 - FECHA Y HORADE LA ULTIMA TRANSACCION
campo de control 20260605084628.0
008 - ELEMENTOS DE LONGITUD FIJA--INFORMACION GENERAL
campo fijo de control de longitud 260604e2015 ag a|||br|||| 000 0 spa d
020 ## - ISBN
ISBN 9789502324784
040 ## - FUENTE CATALOGADORA
Centro catalogador/agencia de origen AR-RoBPED
041 ## - IDIOMA
Código de idioma para texto/pista de sonido o título independiente spa
100 ## - ENCABEZAMIENTO PRINCIPAL--AUTOR PERSONAL
Nombre de persona Calcagno, Javier Angel
Fechas nac-muerte 1960-
9 (RLIN) 30996
245 1# - TITULO
Título ¿Querés saber qué son los crustáceos? /
Mención de responsabilidad Javier Ángel Calcagno; ilustrado por Rosario Oliva ; directora de colección Paula Bombara.
260 ## - PUBLICACION
Lugar Buenos Aires:
Editor Eudeba,
Fecha 2015.
300 ## - DESCRIPCION FISICA
Extensión s.p.
Otros detalles físicos il.
490 0# - SERIE
Mención de serie ¿Querés saber?
650 #4 - TERMINO DE MATERIA--CONTROLADO
Término controlado CIENCIAS NATURALES
9 (RLIN) 535
Término controlado OCEANOS
9 (RLIN) 2033
Término controlado ARTROPODOS
9 (RLIN) 3602
Término controlado MAR ARGENTINO
9 (RLIN) 187
Término controlado ZOOLOGIA
9 (RLIN) 3770
700 ## - ENCABEZAMIENTO SECUNDARIO--AUTOR PERSONAL
Nombre de persona Oliva, Rosario
Fecha de nac-muerte 1981-
9 (RLIN) 30967
Función ilust.
Nombre de persona Bombara, Paula
Fecha de nac-muerte 1972-
9 (RLIN) 16481
Función dir. colección
942 ## - ELEMENTOS KOHA
Fuente de clasificación Universal Decimal Classification
Número Koha k. 32830
Koha tipo de ítem Libro
Clasificación 595.3
Pre signatura I
Signatura librística C 18
N° inventario inv. 42485
Existencias
Estado retirado Estado perdido Fuente de clasificación Estado dañado No se presta Biblioteca propietaria Biblioteca de reserva Fecha de adquisición Procedencia Total de préstamos Signatura topográfica completa Código de barras (nº de inventario) Fecha visto por última vez Catalogador y fecha Tipo de ítem Koha Nota pública
    Universal Decimal Classification     Biblioteca Pedagógica Eudoro Díaz Biblioteca Pedagógica Eudoro Díaz 26/05/2026 compra   I 595.3 C 18 42485 04/06/2026 mm 04/06/2026 Libro Se presta 15 días.